Aprender Italiano familia - Estadísticas

Estadísticas generales
  • Esta prueba ha sido intentada 52 veces
  • La puntuación promedio es 9 de 19
Estadísticas de respuestas
Español Italiano % Correcto
Familia Famiglia
87%
Hermano Fratello
74%
Madre Madre
74%
Padre Padre
74%
Hermana Sorella
72%
Abuela Nonna
69%
Abuelo Nonno
67%
Niño Bambino
49%
Abuelos Nonni
49%
Tía Zia
44%
Tío Zio
44%
Bebé Bambino
38%
Adulto Adulto
36%
Primo Cugino
33%
Padres Genitori
31%
Adolescente Adolescente
23%
Bisabuela Bisnonna
21%
Bisabuelos Bisnonni
21%
Tatarabuelo Bisnonno
10%
No se encontraron pruebas coincidentes
Distribución de puntuación
Porcentaje de gente con cada puntuación
Porcentaje por número respondido
Historial de tus puntuaciones
No has intentado esta prueba.